| Tag |
First Indicator |
Second Indicator |
Subfields |
| LEADER |
00000cam a2200000 4500 |
| 001 |
in00000033045 |
| 005 |
20151007055111.0 |
| 008 |
750520s1964 fr b 00010 fre d |
| 035 |
|
|
|a (OCoLC)01347297
|
| 035 |
|
|
|9 AAB7256AM
|
| 040 |
|
|
|a TLM
|c TLM
|d m.c.
|d TXA
|d UtOrBLW
|
| 049 |
|
|
|a TXAM
|c [A10991014]
|
| 050 |
|
4 |
|a DC397
|b .A7134 1964
|
| 100 |
1 |
|
|a Aron, Robert,
|d 1898-1975.
|
| 245 |
1 |
0 |
|a Nouveaux grands dossiers de l'histoire contemporaine /
|c Robert Aron.
|
| 264 |
|
1 |
|a Paris :
|b Librairie Académique Perrin,
|c 1964.
|
| 300 |
|
|
|a 252 pages ;
|c 21 cm.
|
| 336 |
|
|
|a text
|b txt
|2 rdacontent
|
| 337 |
|
|
|a unmediated
|b n
|2 rdamedia
|
| 338 |
|
|
|a volume
|b nc
|2 rdacarrier
|
| 504 |
|
|
|a Includes bibliographies.
|
| 500 |
|
|
|a Running title: Nouveaux dossiers.
|
| 651 |
|
0 |
|a France
|x History
|y 1945-
|
| 650 |
|
0 |
|a World War, 1939-1945
|z France.
|
| 740 |
0 |
|
|a Nouveaux Dossiers.
|
| 999 |
|
|
|a MARS
|
| 999 |
f |
f |
|s 57dcca15-ae76-31f4-81b2-1d7945c0ddc7
|i 50595d5c-5f52-3fd4-9f4b-cfbb3ae29b9b
|t 0
|
| 952 |
f |
f |
|p ric
|a Texas A&M University
|b Rellis Campus
|c Joint Library Facility
|d Remote Storage
|t 0
|e DC397 .A7134 1964
|h Library of Congress classification
|i unmediated -- volume
|m A14810991014
|
| 998 |
f |
f |
|a DC397 .A7134 1964
|t 0
|l Remote Storage
|